000 00627nam a2200145Ia 4500
008 100122s9999 xx 000 0 und d
082 _b67979
_a808.5
100 _aकुलकर्णी राम
245 _aसभा जिंकणारी प्रभावी भाषणे कशी कराल?
260 _bनीता प्रकाशन
_c1995
300 _a155
630 _aसभा जिंकणारी प्रभावी भाषणे कशी कराल?
730 _aसभा जिंकणारी प्रभावी भाषणे कशी कराल?
942 _cBOOK
999 _c439780
_d439777